| 000 | 00439nam a22001457a 4500 | ||
|---|---|---|---|
| 005 | 20231030082656.0 | ||
| 008 | 231030b |||||||| |||| 00| 0 eng d | ||
| 041 | _aEnglish | ||
| 082 | _a700 SOM | ||
| 245 | _aSome essays on the cultural life in Namibia / | ||
| 260 |
_aWindhoek : _bMinistry of Education and Culture, _c1991 |
||
| 300 |
_b42 pages ; _c22 cm. |
||
| 650 |
_alegal practice _bLaw |
||
| 942 |
_cBK _6ALISON_BN_VRIES |
||
| 999 |
_c126 _d126 |
||